| 000 | 00668nam a2200229 a 4500 | ||
|---|---|---|---|
| 001 | BRCA_7759 | ||
| 005 | 20190320205959.0 | ||
| 008 | 120913s1952----po-a######---#000-0#spa-# | ||
| 041 | _aspa | ||
| 044 | _apo | ||
| 050 | 4 |
_aNK3850 _b.B35 1952 |
|
| 100 | 1 |
_aBairrao Oleiro, J. M. _919203 |
|
| 245 | 1 | 0 |
_aCatálogo de lucernas romanas _cpor J. M. Bairrao Oleiro. |
| 260 |
_aCoimbra, Portugal _bMuseo Machado de Castro _c1952 |
||
| 300 |
_a46 p. _bil., 14 láminas _c23 cm. |
||
| 500 | _aU114 | ||
| 504 | _aBibliografía p. 45-46 | ||
| 650 | 1 | 4 |
_aCerámica romana _vCatálogos _919204 |
| 650 | 1 | 4 |
_aGalerías y museos _zPortugal _919205 |
| 902 | _aGFM | ||
| 942 |
_2lcc _cB |
||
| 999 |
_c7433 _d7433 |
||